Score 0/20 Timer 04:00
0 Plays Today
Scrambled Letters Answer % Correct
EXS NAD TEH TIYCSex and the City
95.8%
OCAC LOCACoca Cola
95.7%
SURIMSIOMissouri
94.6%
NCSLADMODMcDonalds
89.5%
NUSYNSunny
87.8%
DROWL RISEESWorld Series
86%
MEJSA CHUBNANAJames Buchanan
83.4%
TEVSE HANSSteve Nash
82%
DINMISUHHinduism
80.4%
VIRMOEWCAMicrowave
79.4%
Scrambled Letters Answer % Correct
RTUIGA RHEOGuitar Hero
77.6%
OSHTU CNAIH SAESouth China Sea
75.6%
GREANNITAArgentina
71.9%
BIASTEDEDiabetes
67.6%
RAMROFEForearm
54.7%
SNAGALALasagna
51.5%
TOYBEUUYouTube
51.4%
UNNITOMA STEWMountain West
50.7%
DAROGLTAIGladiator
50.4%
SCOREALSLacrosse
44.8%
Remove Ads.
Support Sporcle.
Get the best of Sporcle when you Go Orange. This ad-free experience offers more features, more stats, and more fun while also helping to support Sporcle. Thank you for becoming a member.

You're not logged in!

Compare scores with friends on all Sporcle quizzes.
OR
Log In

Show Comments

Extras

Top Quizzes Today


Score Distribution

Your Account Isn't Verified!

In order to create a playlist on Sporcle, you need to verify the email address you used during registration. Go to your Sporcle Settings to finish the process.

Report this User

Report this user for behavior that violates our Community Guidelines.

Details: